| 000 | 00446nam a2200193Ia 4500 | ||
|---|---|---|---|
| 003 | 0100 | ||
| 008 | 130303s9999 xx 000 0 und d | ||
| 040 | _cARRUPELIB | ||
| 050 | _aB72.V9 | ||
| 100 | _aVycinas, Vincent | ||
| 245 | _aGreatness and philosophy | ||
| 245 | _ban inquiry into Western thought | ||
| 260 | _aThe Hague | ||
| 260 | _bMartinus Nijhoff | ||
| 260 | _C1966 | ||
| 300 | _a294p. | ||
| 300 | _b 24cm | ||
| 942 |
_2lcc _01 |
||
| 999 |
_c60785 _d60785 |
||